[Event "BEL-ch op"]
[Site "Antwerp"]
[Date "2013.07.08"]
[Round "3"]
[White "Ismail, Tamer"]
[Black "Oudewaal, Vincent"]
[Result "0-1"]
[WhiteElo "1805"]
[BlackElo "2052"]
[PlyCount "40"]
[EventDate "2013.07.06"]
[EventType "swiss"]
[EventRounds "9"]
[EventCountry "BEL"]
[SourceTitle "CBM 155 Extra"]
[Source "ChessBase"]
[SourceDate "2013.08.26"]
[SourceVersion "1"]
[SourceVersionDate "2013.08.26"]
[SourceQuality "1"]

1. e4 e6 2. d4 d5 3. Nc3 Nf6 4. Bg5 Bb4 5. e5 h6 6. exf6 hxg5 7. fxg7 Rg8 8. Bd3 Nc6 9. Nge2 Qf6 10. 0-0 Bd7 11. Nb5 0-0-0 12. c3 Be7 13. b4 Rxg7 14. f4 Rh8 15. fxg5 Qxg5 16. Rf2 e5 17. Qc1 Qh5 18. g3 Bg5 19. Qe1 Be3 20. Na3 Qxh2+ 0-1

[Event "BEL-ch op"]
[Site "Antwerp"]
[Date "2013.07.06"]
[Round "1"]
[White "Ismail, Tamer"]
[Black "Sadkowsky, Daniel"]
[Result "0-1"]
[WhiteElo "1805"]
[BlackElo "2230"]
[PlyCount "74"]
[EventDate "2013.07.06"]
[EventType "swiss"]
[EventRounds "9"]
[EventCountry "BEL"]
[SourceTitle "CBM 155 Extra"]
[Source "ChessBase"]
[SourceDate "2013.08.26"]
[SourceVersion "1"]
[SourceVersionDate "2013.08.26"]
[SourceQuality "1"]

1. e4 e6 2. d4 d5 3. Nc3 Nf6 4. e5 Nfd7 5. f4 c5 6. Nf3 Nc6 7. Be3 Be7 8. Qd2 0-0 9. Be2 b6 10. 0-0 Bb7 11. Rad1 Rc8 12. Qe1 f5 13. a3 Ndb8 14. Qf2 cxd4 15. Nxd4 Nxd4 16. Bxd4 Nc6 17. Kh1 Nxd4 18. Qxd4 a6 19. Bf3 b5 20. Qd3 Qb6 21. Ne2 a5 22. Nd4 b4 23. axb4 axb4 24. c3 Ba6 25. Qd2 Bxf1 26. Rxf1 Kh8 27. g4 g6 28. gxf5 gxf5 29. Rg1 Bc5 30. Bh5 Bxd4 31. cxd4 Rg8 32. Rd1 b3 33. Bf3 Rc2 34. Qe1 Rxb2 35. Qh4 Qd8 36. Qh6 Qe7 37. Qh3 Rc2 0-1